000 00321nam a22001457a 4500
020 _a0-439-96073-8
082 _a823
_bLIN/M
100 _aLINDSAY, ELIZABETH
245 _aMAGIC PONY
_bSHORT STORY
260 _aUK
_bSCHOLASTIC LTD
_c2004
300 _a122
520 _aSHORT STORY
650 _aSHORT STORY
942 _cBK
999 _c3546
_d3546